[Event "25th Czech Rapid G1 2014"]
[Site "Pardubice CZE"]
[Date "2014.07.16"]
[Round "3.37"]
[White "Jezbera, Jiri"]
[Black "Jacko, Vladimir2"]
[Result "0-1"]
[BlackTitle "FM"]
[WhiteElo "2200"]
[BlackElo "2296"]
[WhiteFideId "329185"]
[BlackFideId "14915928"]
[EventDate "2014.07.16"]

1. e4 c5 2. Nc3 g6 3. f4 Bg7 4. Bc4 Nc6 5. Nf3 e6 6. a4 Nge7 7. Ba2 O-O 8. O-O
d5 9. e5 Nb4 10. Bb1 b6 11. d3 Bb7 12. Ne2 d4 13. Ng3 Nbd5 14. Ne4 Nf5 15. Qe2
h5 16. Ba2 Nde3 17. Bxe3 Nxe3 18. Rfe1 Qe7 19. c3 Nf5 20. Ng3 Nh6 21. Ng5 Rad8
22. N3e4 Rd7 23. h3 Rfd8 24. Nd6 dxc3 25. bxc3 Rxd6 26. exd6 Qxd6 27. d4 cxd4
28. Rad1 d3 29. Qe3 Nf5 30. Qf2 Bxc3 31. Nxf7 Bxe1 32. Rxe1 Kxf7 33. Rxe6 Qxe6
34. Bxe6+ Kxe6 35. Qe1+ Kf7 36. Qe5 Rd7 37. Qh8 d2 38. Qh7+ Ng7 0-1

[Event "25th Czech Rapid G1 2014"]
[Site "Pardubice CZE"]
[Date "2014.07.16"]
[Round "3.38"]
[White "Kourousis, Epaminondas"]
[Black "Krouzel, Jaroslav"]
[Result "1-0"]
[BlackTitle "FM"]
[WhiteElo "2364"]
[BlackElo "2125"]
[WhiteFideId "4211626"]
[BlackFideId "301566"]
[EventDate "2014.07.16"]

1. Nf3 f5 2. g3 Nf6 3. Bg2 d6 4. O-O g6 5. d4 Bg7 6. b3 O-O 7. Bb2 Ne4 8. Nbd2
Nxd2 9. Qxd2 Nd7 10. c4 Nf6 11. d5 Qe8 12. Nd4 Bd7 13. b4 Rc8 14. Rac1 c6 15.
dxc6 bxc6 16. c5 d5 17. f4 Ne4 18. Bxe4 fxe4 19. e3 Bh3 20. Rf2 e5 21. fxe5 Rxf2
22. Qxf2 Qxe5 23. Qf4 Qxf4 24. gxf4 Bd7 25. Bc3 Rb8 26. a3 Kf7 27. Nb3 Bxc3 28.
Rxc3 Ke7 29. Rc1 Rf8 30. Rf1 Rf5 31. Nd4 Rh5 32. a4 a6 33. Rc1 Rh3 34. Rc3 g5
35. fxg5 Rh5 36. Rc2 Rxg5+ 37. Rg2 Kf6 38. Kf2 Rh5 39. Kg1 Rh3 40. Kf2 Kf7 41.
Ke2 Kf6 42. Kd2 h5 43. Ne2 Bg4 44. Nf4 Rf3 45. h3 d4 46. hxg4 dxe3+ 47. Ke2 Rxf4
48. gxh5 Ke5 49. Rh2 Kd4 50. h6 Rf8 51. h7 Rh8 52. Rh4 a5 53. bxa5 Kxc5 54. Kxe3
Kb4 55. a6 1-0

[Event "25th Czech Rapid G1 2014"]
[Site "Pardubice CZE"]
[Date "2014.07.16"]
[Round "3.39"]
[White "Rigopoulos-Tsigkos, Alexandros"]
[Black "Krapivin, Vladislav"]
[Result "1/2-1/2"]
[BlackTitle "IM"]
[WhiteElo "2052"]
[BlackElo "2321"]
[WhiteFideId "4215109"]
[BlackFideId "4126149"]
[EventDate "2014.07.16"]

1. e4 d6 2. d4 Nf6 3. Nc3 e5 4. Nf3 Nbd7 5. Bc4 Be7 6. h3 O-O 7. Be3 c6 8. Bb3
b5 9. dxe5 dxe5 10. Nd2 a5 11. a4 b4 12. Ne2 Nc5 13. Bxc5 Bxc5 14. O-O Ba6 15.
Re1 Qb6 16. Rf1 Rad8 17. Qe1 Rd7 18. Nc4 Bxc4 19. Bxc4 Nxe4 20. Bd3 f5 21. Nc1
Bd4 22. Bxe4 fxe4 23. Qxe4 Rxf2 24. Rxf2 Bxf2+ 25. Kh2 Qd4 26. Qf5 Qf4+ 27. Qxf4
exf4 28. Nd3 Be3 29. b3 g5 30. Re1 Kg7 31. g3 Kf6 32. Kg2 c5 33. Kf3 c4 34. bxc4
Rc7 35. c5 Bxc5 36. gxf4 Bd4 37. fxg5+ Kxg5 38. Re2 Kf5 39. Re4 Bf6 40. Rf4+ Ke6
41. Re4+ Kf7 42. Re2 Rc3 43. Ke4 Ke6 44. Kf4+ Kd5 45. Kf5 Bd4 46. Nf4+ Kc4 47.
h4 Re3 48. Rxe3 Bxe3 49. Ne2 h6 50. h5 b3 51. cxb3+ Kxb3 52. Ke4 Bb6 53. Nd4+
Kxa4 54. Nc6 Kb5 55. Nxa5 Bxa5 56. Kf3 Kc4 57. Kg2 Kd3 58. Kh1 1/2-1/2

[Event "25th Czech Rapid G1 2014"]
[Site "Pardubice CZE"]
[Date "2014.07.16"]
[Round "3.40"]
[White "Valenta, Vit"]
[Black "Nun, Jiri"]
[Result "0-1"]
[WhiteTitle "FM"]
[BlackTitle "IM"]
[WhiteElo "2132"]
[BlackElo "2351"]
[WhiteFideId "307440"]
[BlackFideId "300179"]
[EventDate "2014.07.16"]

1. b4 b6 2. Bb2 Bb7 3. Nf3 d5 4. g3 f6 5. Bg2 e5 6. a3 Nd7 7. d3 Bd6 8. Nbd2 Qe7
9. e4 d4 10. Nh4 g6 11. Nc4 Nh6 12. O-O Nf7 13. Nxd6+ Nxd6 14. f4 O-O 15. Nf3 c5
16. c3 Nf7 17. bxc5 bxc5 18. cxd4 exd4 19. a4 Qe6 20. Ba3 Rfc8 21. Re1 Rab8 22.
f5 Qd6 23. fxg6 hxg6 24. Nh4 Nde5 25. Bh3 Rc6 26. Rc1 Ba6 27. Bf1 Qc7 28. Rb1
Rxb1 29. Qxb1 Kg7 30. Bc1 Bc8 31. Bg2 Be6 32. Qc2 Qa5 33. Bd2 Qa6 34. Bf1 g5 35.
Nf5+ Bxf5 36. exf5 Nf3+ 37. Kg2 Nxe1+ 38. Bxe1 Ne5 39. Qe2 Qxa4 40. Qe4 Rc7 41.
h4 gxh4 42. Qxh4 Rc8 43. g4 Qc6+ 0-1

[Event "25th Czech Rapid G1 2014"]
[Site "Pardubice CZE"]
[Date "2014.07.16"]
[Round "3.41"]
[White "Golubov, Saveliy"]
[Black "Sykora, Josef"]
[Result "1-0"]
[WhiteElo "2339"]
[BlackElo "2117"]
[WhiteFideId "24176729"]
[BlackFideId "313220"]
[EventDate "2014.07.16"]

1. e4 e6 2. d4 d5 3. Nc3 dxe4 4. Nxe4 Nd7 5. Nf3 Ngf6 6. Bg5 Be7 7. Nxf6+ Bxf6
8. Be3 O-O 9. Bd3 b6 10. Be4 Rb8 11. Qd3 g6 12. O-O-O Bb7 13. g4 Bg7 14. Bxb7
Rxb7 15. Qe4 Rb8 16. g5 Qe7 17. h4 c5 18. d5 Rfd8 19. h5 Nf8 20. Bf4 Rb7 21. d6
Qd7 22. Be5 Qc8 23. Qf4 Nd7 24. Bxg7 Kxg7 25. Ne5 f5 26. gxf6+ Nxf6 27. h6+ 1-0

[Event "25th Czech Rapid G1 2014"]
[Site "Pardubice CZE"]
[Date "2014.07.16"]
[Round "3.42"]
[White "Kratochvil, Milan"]
[Black "Mudrak, Josef"]
[Result "0-1"]
[BlackTitle "FM"]
[WhiteElo "2195"]
[BlackElo "2350"]
[WhiteFideId "331015"]
[BlackFideId "301116"]
[EventDate "2014.07.16"]

1. e4 d6 2. d4 Nf6 3. Nc3 e5 4. dxe5 dxe5 5. Bg5 Qxd1+ 6. Rxd1 c6 7. f4 h6 8.
Bh4 exf4 9. e5 Nfd7 10. Nf3 g5 11. Bf2 Bg7 12. Ne4 O-O 13. Nd6 Nxe5 14. Nxe5
Bxe5 15. Nxc8 Rxc8 16. c3 Bf6 17. Bc4 Re8+ 18. Kf1 b5 19. Be2 a5 20. Bf3 b4 21.
Bd4 Bxd4 22. Rxd4 bxc3 23. bxc3 Ra7 24. Kf2 Rb7 25. Rd2 a4 26. Rhd1 Kg7 27. Rd4
a3 28. Kf1 Rb2 29. Rd8 Re3 30. Rc1 Re5 31. c4 Rc5 32. Rc3 Ra5 33. Rcd3 Na6 34.
Ra8 Rxa2 35. Rd7 Ra1+ 36. Ke2 a2 37. Raa7 Re1+ 38. Kd3 a1=Q 39. Rxf7+ Kg8 0-1

[Event "25th Czech Rapid G1 2014"]
[Site "Pardubice CZE"]
[Date "2014.07.16"]
[Round "3.43"]
[White "Rous, Daniel"]
[Black "Korinek, Ondrej"]
[Result "1-0"]
[BlackTitle "FM"]
[WhiteElo "2160"]
[BlackElo "2331"]
[WhiteFideId "338150"]
[BlackFideId "319856"]
[EventDate "2014.07.16"]

1. Nf3 d5 2. c4 c6 3. d4 Nf6 4. Nc3 dxc4 5. a4 Bf5 6. e3 e6 7. Bxc4 Bb4 8. O-O
Nbd7 9. h3 O-O 10. Bd3 Bg6 11. Re1 c5 12. Bxg6 hxg6 13. Bd2 cxd4 14. Nxd4 Ne5
15. Qb3 a5 16. Red1 Qe7 17. Ncb5 Nd5 18. e4 Nf6 19. Bxb4 axb4 20. f4 Nc6 21.
Nxc6 bxc6 22. Nd6 Rfd8 23. Qxb4 Rdb8 24. Qc3 Qa7+ 25. Rd4 Rb3 26. Qd2 Rab8 27.
Rd1 Rxb2 28. Qc3 Rb1 29. Rxb1 Rxb1+ 30. Kh2 Qa6 31. Rb4 Rxb4 32. Qxb4 Qf1 33.
Qb8+ Kh7 34. Nxf7 Ng8 35. Ng5+ Kh6 36. Nxe6 Nf6 37. Qh8+ Nh7 38. Qxg7+ 1-0

[Event "25th Czech Rapid G1 2014"]
[Site "Pardubice CZE"]
[Date "2014.07.16"]
[Round "3.44"]
[White "Janocko, Petr"]
[Black "Kozlitin, Oleg"]
[Result "1/2-1/2"]
[BlackTitle "IM"]
[WhiteElo "2039"]
[BlackElo "2331"]
[WhiteFideId "320099"]
[BlackFideId "4143590"]
[EventDate "2014.07.16"]

1. d4 Nf6 2. c4 g6 3. Nc3 Bg7 4. Nf3 O-O 5. g3 d6 6. Bg2 Nc6 7. O-O e5 8. Bg5 h6
9. dxe5 hxg5 10. exf6 Bxf6 11. Qd2 g4 12. Ne1 Ne5 13. b3 Rb8 14. Rd1 a6 15. Nd3
b5 16. Nxe5 Bxe5 17. c5 Bb7 18. c6 Bc8 19. Nd5 Kg7 20. Qa5 Be6 21. Qxa6 Rh8 22.
Qa5 Rc8 23. Qxb5 Qg5 24. f4 gxf3 25. Rxf3 Qh5 26. h4 g5 27. Ne7 gxh4 28. Qd3
hxg3 29. Rxg3+ Kf8 30. Nxc8 Qh2+ 31. Kf2 Qh4 32. Rh1 Bxg3+ 33. Qxg3 Qd4+ 34. Qe3
Qf6+ 35. Qf3 Qd4+ 36. e3 Qb2+ 37. Qe2 Qf6+ 38. Qf3 Qb2+ 39. Qe2 Qf6+ 40. Qf3 1/2-1/2

[Event "25th Czech Rapid G1 2014"]
[Site "Pardubice CZE"]
[Date "2014.07.16"]
[Round "3.45"]
[White "Bystrov, Sergej M."]
[Black "Rodionova, Polina"]
[Result "0-1"]
[WhiteTitle "IM"]
[BlackTitle "WFM"]
[WhiteElo "2280"]
[BlackElo "2138"]
[WhiteFideId "4118561"]
[BlackFideId "24102555"]
[EventDate "2014.07.16"]

1. d4 Nf6 2. Nf3 g6 3. c4 Bg7 4. Nc3 O-O 5. Bg5 c5 6. d5 d6 7. e3 h6 8. Bh4 g5
9. Bg3 Nh5 10. Qc2 f5 11. Be2 a6 12. Nd2 Nxg3 13. hxg3 Nd7 14. f4 Nf6 15. O-O b5
16. cxb5 axb5 17. Bxb5 Ng4 18. Rf3 Bb7 19. Bc4 Kh8 20. Ne2 e6 21. Qd3 e5 22. e4
gxf4 23. gxf4 Bc8 24. Qc2 Qh4 25. Nf1 fxe4 26. Rh3 Qf2+ 27. Kh1 Rxf4 28. Qd1 Rf7
29. Neg3 e3 30. Ne4 Qf4 31. Bd3 Nf2+ 32. Nxf2 exf2 33. Rf3 Qh4+ 34. Nh2 Rb7 35.
Qc2 e4 36. Bxe4 Be5 37. g3 Bxg3 38. Rxg3 Qxg3 39. Rf1 Rf7 40. Qd2 Qf4 41. Qc3+
Kg8 42. Bg2 0-1

[Event "25th Czech Rapid G1 2014"]
[Site "Pardubice CZE"]
[Date "2014.07.16"]
[Round "3.46"]
[White "Villegas, Pierre"]
[Black "Holy, Filip"]
[Result "1-0"]
[WhiteTitle "FM"]
[WhiteElo "2291"]
[BlackElo "1733"]
[WhiteFideId "654183"]
[BlackFideId "358762"]
[EventDate "2014.07.16"]

1. c4 c6 2. Nf3 Nf6 3. e3 d5 4. d4 Bf5 5. Nc3 e6 6. Nh4 Bg6 7. Be2 Nbd7 8. O-O
Be7 9. g3 O-O 10. Nxg6 hxg6 11. Qc2 dxc4 12. Bxc4 e5 13. Qxg6 Kh8 1-0

[Event "25th Czech Rapid G1 2014"]
[Site "Pardubice CZE"]
[Date "2014.07.16"]
[Round "3.47"]
[White "Scherbakov, Mikhail"]
[Black "Raudive, Aivars"]
[Result "0-1"]
[BlackTitle "FM"]
[WhiteElo "1854"]
[BlackElo "2288"]
[WhiteFideId "34130184"]
[BlackFideId "11601060"]
[EventDate "2014.07.16"]

1. e4 Nf6 2. e5 Nd5 3. c4 Nb6 4. d4 d6 5. exd6 exd6 6. Nf3 Bg4 7. Bd3 Nc6 8. Be3
Be7 9. O-O Bf6 10. Be4 Nxc4 11. Qb3 Nb6 12. d5 Ne7 13. Nc3 O-O 14. Nd4 g6 15. h3
Bd7 16. Rfd1 Bg7 17. Rac1 a6 18. Rd2 f5 19. Ne6 Bxe6 20. dxe6 fxe4 21. Bxb6 cxb6
22. Nxe4 d5 23. Rcd1 Qc8 24. Rxd5 Nxd5 25. Qxd5 Rf5 26. Qb3 Rb5 27. Qf3 Qxe6 28.
Rd6 Qf7 29. Qd3 Re5 30. Rd7 Re7 31. Rd5 Rxe4 0-1

[Event "25th Czech Rapid G1 2014"]
[Site "Pardubice CZE"]
[Date "2014.07.16"]
[Round "3.48"]
[White "Petr, Martin"]
[Black "Vachtfeidl, Petr"]
[Result "1-0"]
[WhiteTitle "GM"]
[WhiteElo "2540"]
[BlackElo "1996"]
[WhiteFideId "318299"]
[BlackFideId "315028"]
[EventDate "2014.07.16"]

1. e4 c5 2. Nf3 e6 3. d4 cxd4 4. Nxd4 Nf6 5. Nc3 d6 6. Be3 a6 7. f3 b5 8. Qd2
Nbd7 9. g4 h6 10. O-O-O Bb7 11. Bd3 d5 12. exd5 Nxd5 13. Nxd5 Bxd5 14. Kb1 Rc8
15. Be4 Ne5 16. Qe2 Qc7 17. Bxd5 exd5 18. f4 Nc4 19. Nf5 Be7 20. Bd4 Nd6 21.
Bxg7 Rg8 22. Be5 Kf8 23. Rhe1 Qd7 24. Nxe7 1-0

[Event "25th Czech Rapid G1 2014"]
[Site "Pardubice CZE"]
[Date "2014.07.16"]
[Round "3.49"]
[White "Sergeev, Vladimir"]
[Black "Maslak, Alexander"]
[Result "1-0"]
[WhiteTitle "GM"]
[WhiteElo "2447"]
[BlackElo "2170"]
[WhiteFideId "14101076"]
[BlackFideId "4130871"]
[EventDate "2014.07.16"]

1. Nf3 g6 2. c4 Bg7 3. Nc3 d6 4. d4 Nf6 5. g3 O-O 6. Bg2 Nc6 7. O-O Bf5 8. Ne1
e5 9. d5 Ne7 10. e4 Bd7 11. Nd3 c5 12. b4 b6 13. bxc5 bxc5 14. Rb1 Rb8 15. Bg5
Qa5 16. Qc2 h6 17. Bd2 Qa6 18. Nb2 Rb7 19. a4 Rfb8 20. Nb5 Ne8 21. Nd3 Qb6 22.
f4 exf4 23. gxf4 a6 24. Nc3 Qc7 25. Rxb7 Qxb7 26. Rb1 Qc7 27. Rxb8 Qxb8 28. a5
f5 29. e5 dxe5 30. Nxc5 Bc8 31. fxe5 Qxe5 32. Nb3 Nf6 33. Qc1 g5 34. Qe1 Qb8 35.
Qxe7 Qxb3 36. Qd8+ Kh7 37. Qxc8 Qc2 38. h3 Qxd2 39. Qxf5+ Kg8 40. Ne4 Qd4+ 41.
Nf2 Qxc4 42. Qe6+ Kh8 43. Qc6 Qd4 44. d6 h5 45. Qxa6 g4 46. hxg4 hxg4 47. Qd3
Qa1+ 48. Qd1 Qxa5 49. d7 Nxd7 50. Qxd7 Qe1+ 51. Bf1 g3 52. Qh3+ Kg8 53. Qxg3 Kf8
54. Kg2 Qa1 55. Ne4 Qb2+ 56. Kh3 Qd4 57. Qg6 Qe3+ 58. Kg2 Qd4 59. Qf5+ Kg8 60.
Qe6+ Kh7 61. Ng5+ 1-0

[Event "25th Czech Rapid G1 2014"]
[Site "Pardubice CZE"]
[Date "2014.07.16"]
[Round "3.50"]
[White "Akesson, Ralf"]
[Black "Pulpan, Jakub"]
[Result "1/2-1/2"]
[WhiteTitle "GM"]
[WhiteElo "2462"]
[BlackElo "2218"]
[WhiteFideId "1700120"]
[BlackFideId "302759"]
[EventDate "2014.07.16"]

1. d4 Nf6 2. Nf3 e6 3. c4 b6 4. g3 Bb7 5. Bg2 Be7 6. O-O O-O 7. Re1 d6 8. d5
exd5 9. Nh4 c6 10. cxd5 Nxd5 11. Nf5 Nc7 12. e4 Bc8 13. Nxe7+ Qxe7 14. Nc3 Rd8
15. b3 Be6 16. Bb2 Nd7 17. Nd5 Nxd5 18. exd5 Rac8 19. Qd4 Nf6 20. Re2 cxd5 21.
Bxd5 Qd7 22. Bf3 1/2-1/2

[Event "25th Czech Rapid G1 2014"]
[Site "Pardubice CZE"]
[Date "2014.07.16"]
[Round "3.51"]
[White "Petrovskis, Olegs"]
[Black "Venkatesh, M.R."]
[Result "0-1"]
[BlackTitle "GM"]
[WhiteElo "2062"]
[BlackElo "2498"]
[WhiteFideId "11603186"]
[BlackFideId "5005779"]
[EventDate "2014.07.16"]

1. d4 Nf6 2. c4 e6 3. Nf3 c5 4. e3 d5 5. dxc5 Bxc5 6. Be2 O-O 7. O-O dxc4 8.
Qxd8 Rxd8 9. Bxc4 b6 10. b3 Bb7 11. Bb2 Nbd7 12. Nc3 Bxf3 13. gxf3 Ne5 14. Be2
Rd2 15. f4 Rxb2 16. fxe5 Nd7 17. Bf3 Rc8 18. Na4 Rd2 19. Rfd1 Nxe5 20. Bb7 Rcd8
21. Rxd2 Rxd2 22. Nxc5 bxc5 23. Rc1 Nd3 24. Rc3 g5 25. a4 g4 26. Ba6 Nxf2 27.
Rxc5 Nh3+ 28. Kf1 Rxh2 29. Bb7 Rf2+ 30. Ke1 Rb2 31. Rc4 h5 0-1

[Event "25th Czech Rapid G1 2014"]
[Site "Pardubice CZE"]
[Date "2014.07.16"]
[Round "3.52"]
[White "Dorst, Johannes"]
[Black "Bochkarev, Alexander"]
[Result "0-1"]
[BlackTitle "FM"]
[WhiteElo "2299"]
[BlackElo "2438"]
[WhiteFideId "4650433"]
[BlackFideId "4140230"]
[EventDate "2014.07.16"]

1. e4 e5 2. Nf3 Nc6 3. Bb5 Bc5 4. c3 Qf6 5. d3 h6 6. Be3 Bb6 7. d4 Nge7 8. Nbd2
O-O 9. Nc4 d6 10. Nxb6 axb6 11. h3 Ng6 12. Bxc6 bxc6 13. dxe5 dxe5 14. Nh2 Nh4
15. Rg1 Qg6 16. f3 Qg3+ 17. Bf2 Qxh2 0-1

[Event "25th Czech Rapid G1 2014"]
[Site "Pardubice CZE"]
[Date "2014.07.16"]
[Round "3.53"]
[White "Westerberg, Jonathan"]
[Black "Vykydal, Frantisek"]
[Result "1-0"]
[WhiteTitle "FM"]
[BlackTitle "CM"]
[WhiteElo "2412"]
[BlackElo "2117"]
[WhiteFideId "1701754"]
[BlackFideId "301744"]
[EventDate "2014.07.16"]

1. e4 Nf6 2. e5 Nd5 3. d4 d6 4. c4 Nb6 5. exd6 exd6 6. Nc3 Be7 7. Bd3 Nc6 8.
Nge2 Bf6 9. d5 Ne5 10. O-O Nxd3 11. Qxd3 O-O 12. b3 Nd7 13. Bb2 Nc5 14. Qc2 a5
15. a3 g6 16. Ng3 Bg7 17. Nb5 Bd7 18. Bxg7 Kxg7 19. b4 axb4 20. axb4 Rxa1 21.
Rxa1 Na6 22. Qb2+ Qf6 23. Qxf6+ Kxf6 24. Nc3 Re8 25. Rb1 Kg7 26. Kf1 f5 27. Nge2
g5 28. Nd4 Kf6 29. b5 Nc5 30. b6 cxb6 31. Rxb6 Ke7 32. Rb1 Ra8 33. Re1+ Kf6 34.
Ncb5 Ne4 35. Kg1 Ra4 36. f3 Bxb5 37. Nxb5 Nc5 38. Nxd6 Ra2 39. h3 h5 40. Ne8+
Kf7 41. d6 Ra8 42. Nc7 Rd8 43. Re5 Nd3 44. Rxf5+ Kg6 45. Rxg5+ 1-0

[Event "25th Czech Rapid G1 2014"]
[Site "Pardubice CZE"]
[Date "2014.07.16"]
[Round "3.54"]
[White "Priasmoro, Novendra"]
[Black "Marutkins, Olegs"]
[Result "1/2-1/2"]
[WhiteElo "2282"]
[BlackElo "2081"]
[WhiteFideId "7105029"]
[BlackFideId "11600012"]
[EventDate "2014.07.16"]

1. e4 e5 2. Nf3 Nc6 3. Bb5 a6 4. Bxc6 dxc6 5. O-O f6 6. d4 exd4 7. Nxd4 c5 8.
Ne2 Qxd1 9. Rxd1 Be6 10. Nbc3 Bd6 11. Bf4 Rd8 12. Bxd6 cxd6 13. Nf4 Bf7 14. Rd2
Kd7 15. Rad1 Kc6 16. Nfd5 Nh6 17. f3 Rhe8 18. g4 Bxd5 19. Nxd5 Nf7 20. Kf2 Ne5
21. b3 b5 22. h3 a5 23. Ne3 g6 24. c4 b4 25. f4 Nf7 26. Kf3 Re6 27. Nd5 Rde8 28.
Re2 f5 29. Rde1 fxg4+ 30. hxg4 h6 31. Kg3 a4 32. f5 gxf5 33. gxf5 Re5 34. Nf6
Rf8 35. Kf4 Ng5 36. Ng4 Re6 37. Rh1 Re7 38. Rxh6 Ne6+ 39. Kg3 Nd4 40. Re3 axb3
41. axb3 Rxf5 42. exf5 Nxf5+ 43. Kf4 Rxe3 44. Kxf5 Rxb3 45. Ke4 Rb2 46. Ne3 Rd2
47. Rh8 Rd4+ 48. Kf3 Kb6 49. Rh1 Ka5 50. Rd1 b3 51. Rb1 Kb4 52. Nc2+ Kc3 53.
Nxd4 cxd4 54. Ke4 d3 55. Rd1 b2 56. Ke3 Kc2 57. Rh1 d2 58. Ke2 b1=Q 59. Rxb1
Kxb1 60. Kxd2 Kb2 61. Kd3 Kb3 62. Kd4 Kb4 63. Kd5 Kc3 1/2-1/2

[Event "25th Czech Rapid G1 2014"]
[Site "Pardubice CZE"]
[Date "2014.07.16"]
[Round "3.55"]
[White "Lokander, Martin"]
[Black "Shuvalova, Polina"]
[Result "0-1"]
[WhiteTitle "FM"]
[BlackTitle "WFM"]
[WhiteElo "2309"]
[BlackElo "2108"]
[WhiteFideId "1709569"]
[BlackFideId "24171760"]
[EventDate "2014.07.16"]

1. d4 Nf6 2. Bg5 d5 3. e3 Nbd7 4. Nf3 g6 5. c4 c6 6. cxd5 cxd5 7. Nc3 Bg7 8. Be2
O-O 9. Qb3 Qb6 10. O-O Qxb3 11. axb3 Nb6 12. Ne5 h6 13. Bh4 g5 14. Bg3 Ne4 15.
Nd3 Nxg3 16. hxg3 e6 17. Nc5 Nd7 18. b4 Rd8 19. f4 b6 20. Nxd7 Bxd7 21. Ba6 Bc8
22. Bd3 Bf8 23. Ra4 Bd7 24. b5 Rdc8 25. Kf2 f5 26. Rfa1 Rc7 27. Ra6 Rb7 28. Ne2
g4 29. Rc1 Rc8 30. Raa1 Rbc7 31. Rc3 Bb4 32. Rxc7 Rxc7 33. Nc1 Kf7 34. Ke2 Ke8
35. Na2 Bd6 36. Kd2 Kd8 37. Nc3 Kc8 38. Rh1 Bf8 39. Kc2 Kb7 40. Kb3 Rc8 41. Ne2
Rc7 42. Nc1 Rc8 43. Bf1 Rxc1 44. Be2 Rc7 0-1

[Event "25th Czech Rapid G1 2014"]
[Site "Pardubice CZE"]
[Date "2014.07.16"]
[Round "3.56"]
[White "Andreeva, Elena"]
[Black "Keilhack, Harald"]
[Result "0-1"]
[BlackTitle "FM"]
[WhiteElo "1946"]
[BlackElo "2250"]
[WhiteFideId "24104701"]
[BlackFideId "4601904"]
[EventDate "2014.07.16"]

1. e4 c5 2. Nf3 e6 3. d4 cxd4 4. Nxd4 Nf6 5. Nc3 d6 6. f4 a6 7. Qf3 Qb6 8. Nb3
Qc7 9. Be3 b5 10. Bd3 Bb7 11. O-O Nbd7 12. Rad1 Be7 13. a3 O-O 14. Qh3 Rfe8 15.
Rf3 Bf8 16. Rg3 g6 17. f5 exf5 18. exf5 Bg7 19. Bh6 Nh5 20. fxg6 hxg6 21. Bxg7
Nxg7 22. Rxg6 fxg6 23. Bxg6 Nf8 24. Bxe8 Rxe8 25. Rf1 Qb6+ 26. Kh1 Qf2 27. Rg1
Re1 0-1

[Event "25th Czech Rapid G1 2014"]
[Site "Pardubice CZE"]
[Date "2014.07.16"]
[Round "3.57"]
[White "Bibik, Jura"]
[Black "Mindl, Josef"]
[Result "1-0"]
[WhiteTitle "IM"]
[WhiteElo "2228"]
[BlackElo "2029"]
[WhiteFideId "4113071"]
[BlackFideId "310549"]
[EventDate "2014.07.16"]

1. d4 Nf6 2. Nf3 g6 3. Nbd2 d5 4. e3 Bg7 5. b4 O-O 6. c4 c6 7. Bb2 a6 8. a4 Bf5
9. Be2 Nbd7 10. O-O Ne4 11. Nh4 Nxd2 12. Qxd2 Be6 13. c5 Nf6 14. b5 axb5 15.
axb5 Qd7 16. Qb4 Ne4 17. Nf3 Bf5 18. Rfd1 h6 19. Ne5 Bxe5 20. dxe5 Ng5 21. h4
Ne4 22. Bd3 Qe6 23. b6 g5 24. Ra7 Rab8 25. Bxe4 Bxe4 26. f3 Bh7 27. Kf2 Qg6 28.
Rd2 Qb1 29. hxg5 hxg5 30. Qg4 Qf5 31. Qd4 Bg6 32. Bc3 e6 33. Ra1 Bh7 34. g4 Qg6
35. Kg3 Ra8 36. Rh1 Ra3 37. Rdh2 Rfa8 38. Rxh7 Qxh7 39. Rxh7 Kxh7 40. e4 R8a4
41. Qd2 dxe4 42. Qd7 Rxc3 43. Qxf7+ Kh6 44. Qxe6+ Kg7 45. Qf6+ Kg8 46. Qxg5+ Kh8
47. Qd8+ Kh7 48. Qe7+ Kg6 49. Qe8+ Kg7 50. Qd7+ Kg6 51. Qf5+ Kg7 52. Qg5+ Kf8
53. Qh6+ Kg8 54. Qg6+ Kf8 55. Qf6+ Kg8 56. Qd8+ Kg7 57. e6 Rxf3+ 58. Kh4 Raa3
59. e7 1-0

[Event "25th Czech Rapid G1 2014"]
[Site "Pardubice CZE"]
[Date "2014.07.16"]
[Round "3.58"]
[White "Soural, Jan"]
[Black "Hiller, Simon"]
[Result "1/2-1/2"]
[WhiteElo "2234"]
[BlackElo "1973"]
[WhiteFideId "311928"]
[BlackFideId "24641308"]
[EventDate "2014.07.16"]

1. d4 d5 2. c4 c6 3. Nf3 Nf6 4. e3 e6 5. b3 Nbd7 6. Bd3 Bd6 7. Bb2 O-O 8. O-O b6
9. Nc3 Bb7 10. Qc2 Rc8 11. Rad1 Qe7 12. Rfe1 h6 13. e4 dxe4 14. Nxe4 Nxe4 15.
Bxe4 Nf6 16. Bd3 Rfd8 17. Re2 Bb8 18. Qc1 Qc7 19. c5 Nd5 20. g3 Nb4 21. Bb1 Ba6
22. Re4 Qe7 23. Rg4 f5 24. Qxh6 Nd3 25. Rg6 Qf7 26. Bxd3 Bxd3 27. Rxd3 bxc5 28.
dxc5 e5 29. Ng5 Kf8 30. Qh8+ Qg8 31. Ne6+ Kf7 32. Rxg7+ Kxe6 33. Qh6# 1/2-1/2

[Event "25th Czech Rapid G1 2014"]
[Site "Pardubice CZE"]
[Date "2014.07.16"]
[Round "3.59"]
[White "Chekletsov, Ilya"]
[Black "Blecha, Miroslav"]
[Result "1/2-1/2"]
[WhiteElo "2078"]
[BlackElo "2225"]
[WhiteFideId "24177156"]
[BlackFideId "311758"]
[EventDate "2014.07.16"]

1. d4 Nf6 2. c4 e6 3. Nf3 b6 4. a3 Bb7 5. Nc3 Be7 6. Qc2 d5 7. cxd5 exd5 8. g3
O-O 9. Bg2 c5 10. O-O Nc6 11. Rd1 Rc8 12. Bg5 cxd4 13. Nxd4 Nxd4 14. Rxd4 Ne4
15. Bxe7 Qxe7 16. Rad1 Nxc3 17. bxc3 Qxa3 18. Ra4 Qxc3 19. Qxc3 Rxc3 20. Rxa7
Rb8 21. Bxd5 Bxd5 22. Rxd5 1/2-1/2

[Event "25th Czech Rapid G1 2014"]
[Site "Pardubice CZE"]
[Date "2014.07.16"]
[Round "3.60"]
[White "Gadzhiev, Farid"]
[Black "Jeitz, Christian"]
[Result "1/2-1/2"]
[WhiteElo "1889"]
[BlackElo "2189"]
[WhiteFideId "24194450"]
[BlackFideId "4000803"]
[EventDate "2014.07.16"]

1. e4 c5 2. d4 cxd4 3. c3 Nf6 4. e5 Nd5 5. Qxd4 e6 6. Nf3 Nc6 7. Qe4 f5 8. Qe2
Be7 9. g3 O-O 10. Bg2 d6 11. exd6 Qxd6 12. Nbd2 Bf6 13. Nc4 Qc7 14. a4 Bd7 15.
Bg5 Nxc3 16. Bf4 e5 17. bxc3 exf4 18. O-O fxg3 19. hxg3 Bxc3 20. Rac1 Bf6 21.
Rfd1 Rae8 22. Qd3 Be6 23. Qd6 Qf7 24. Qc5 Bxc4 25. Rxc4 Kh8 26. Nh4 Be7 27. Qd5
Qxd5 28. Bxd5 Rd8 29. Kg2 g5 30. Nf3 Nb4 31. Rcd4 Rd7 32. Ne5 Rxd5 33. Rxd5 Nxd5
34. Rxd5 Bf6 35. Nd7 Rf7 36. Rxf5 Rxd7 37. Rxf6 Rd4 38. Rf7 Rxa4 39. Rxb7 a5 40.
Ra7 Ra3 41. Kh2 a4 42. Kg2 Ra1 43. Kf3 a3 44. Kg4 h6 45. Kh5 Kg8 46. Kxh6 Rf1
47. Kg6 Kf8 48. Rxa3 Rxf2 49. Kxg5 Rb2 50. Kf6 Rb6+ 51. Kf5 Rb5+ 52. Kg6 Rb6+
53. Kh5 Rb5+ 54. Kh4 Kg7 55. Ra6 Rc5 56. g4 Rb5 57. g5 Rb1 58. Ra7+ Kg6 59. Ra6+
Kg7 1/2-1/2